000 00342nam a22001577a 4500
003 SGT
020 _a0-19-946468-5
082 _a641
_bSIN
100 _aSINGORAVELAVAN, R.
245 _aFOOD & BEVERAGE SERVICE
250 _a2ND
260 _aINDIA
_bOXFORD PUB.
_c2022
300 _a755
650 _aFOOD & BEVERAGE
942 _2ddc
_cBK
999 _c28603
_d28603